Ako zaškatuľkovať vedu a výskum?
Charakteristika informačného systému. Charakteristika informačných systémov v niektorých európskych krajinách. Slovensko - Národný informačný systém podpory výskumu a vývoja v SR - Prístup k elektronickým informačným zdrojom (NISPEZ). Belgicko - FRIS. Česká republika - Informačný systém výskumu, výv...
Guardado en:
| Autor principal: | |
|---|---|
| Otros Autores: | |
| Formato: | Capítulo de libro |
| Lenguaje: | eslovaco |
| Materias: | |
| Etiquetas: |
Sin Etiquetas, Sea el primero en etiquetar este registro!
|
MARC
| LEADER | 00000naa$a2200000$$$4500 | ||
|---|---|---|---|
| 001 | 0108994 | ||
| 005 | 20230628102409.0 | ||
| 041 | 0 | |a slo | |
| 044 | |a SK | ||
| 245 | 1 | 0 | |a Ako zaškatuľkovať vedu a výskum? |c Danica Zendulková, Lucia Paulinyová |
| 520 | |a Charakteristika informačného systému. Charakteristika informačných systémov v niektorých európskych krajinách. Slovensko - Národný informačný systém podpory výskumu a vývoja v SR - Prístup k elektronickým informačným zdrojom (NISPEZ). Belgicko - FRIS. Česká republika - Informačný systém výskumu, vývoja a inovácií (ISVV). Estónsko - Estonian Research Portal ETIS. Holandsko - NARCIS. Maďarsko - HunCRIS. Slovinsko - SICRIS. Nórsko - FRIDA. | ||
| 610 | 2 | 0 | |a systémy informačné |
| 610 | 2 | 0 | |a zdroje informačné elektronické |
| 610 | 2 | 0 | |a definície |
| 610 | 2 | 0 | |a veda |
| 610 | 2 | 0 | |a výskum |
| 610 | 2 | 0 | |a Európa |
| 100 | 1 | |a Zendulková, Danica | |
| 700 | 1 | |a Paulinyová, Lucia | |